| 000 | 01091nam a22003377a 4500 | ||
|---|---|---|---|
| 003 | CHAP | ||
| 005 | 20220329140334.0 | ||
| 008 | 971013s1937 r 00010 d | ||
| 010 | _a50646 | ||
| 011 | _a51618 | ||
| 035 | _a55768 | ||
| 040 | _cCHAP | ||
| 090 | _aFolleto 2450 | ||
| 100 | 0 | 0 |
_aVinall, H. N. _9119823 |
| 245 | _aPastos cultivos para zona templada | ||
| 260 |
_aWashington : _bUnión Panamericana, _c1937 |
||
| 300 |
_a46 p. _b: ilus. |
||
| 490 |
_aPublicación agrícola _v; 123-25 |
||
| 590 |
_aBATCH-UPD _b10 _c20130110 _lUCH01 _h0541 |
||
| 590 |
_aBATCH-UPD _b10 _c20130110 _lUCH01 _h2223 |
||
| 590 |
_aBATCH-UPD _b10 _c20130410 _lUCH01 _h0222 |
||
| 590 |
_aBATCH-UPD _b10 _c20130914 _lUCH01 _h1903 |
||
| 590 |
_aCONVERSION _b10 _c20130109 _lUCH01 _h1327 |
||
| 650 | 1 | 4 |
_aPastos. _985986 |
| 830 | 0 |
_aPublicación agrícola _v; 123-25 _992750 |
|
| 901 | _aBK | ||
| 942 | _cFOLL | ||
| 949 |
_aFolleto 2450 _bBC _cFOLL _d-122189 _eTS1 _i55768 _mD _si |
||
| 949 |
_aFolleto 2450 _bBC _cFOLL _d-122190 _eTS2 _fc.2 _i55768 _si |
||
| 949 |
_aFolleto 2450 _bBC _cFOLL _d-122191 _eTS2 _fc.3 _i55768 _si |
||
| 999 |
_c50646 _d50646 |
||